| 000 | 00855pam a2200265 a 4500 | ||
|---|---|---|---|
| 001 | 73950 | ||
| 003 | BD-RjUL | ||
| 005 | 20211209082451.0 | ||
| 008 | 850628s1986 nyuab b 001 0 eng | ||
| 020 | _a0442232314 | ||
| 035 | _a(BD-RjUL) | ||
| 040 |
_aDLC _cDLC _dDLC _beng |
||
| 041 | _aeng | ||
| 082 | 0 | 0 |
_a551.3 _219 _bHUS 1986 |
| 100 | 1 |
_aHunt, Charles B. _q(Charles Butler), _d1906-1997. _9219488 |
|
| 245 | 1 | 0 |
_aSurficial deposits of the United States / _cCharles B. Hunt. |
| 260 |
_aNew York : _bVan Nostrand Reinhold, _cc1986. |
||
| 300 |
_aix, 189 p. : _bill., maps (1 col.) ; _c26 cm. |
||
| 500 | _aTwo maps on folded leaf in pocket. | ||
| 504 | _aIncludes bibliographies and index. | ||
| 650 | 0 |
_aSediments (Geology) _zUnited States. _9219489 |
|
| 650 | 0 |
_aGeology _zUnited States. _9219490 |
|
| 942 |
_2ddc _cBK |
||
| 999 |
_c73950 _d73950 |
||